Central Library OPAC University of Rajshahi

منتخب اللغات.;; Muntakhab al-lughāt. (Record no. 78807)

MARC details
000 -LEADER
fixed length control field 00961cam a2200253 a 4500
001 - CONTROL NUMBER
control field 78807
003 - CONTROL NUMBER IDENTIFIER
rucl marc code BD-RjUL
005 - DATE AND TIME OF LATEST TRANSACTION
control field 20211209083157.0
008 - FIXED-LENGTH DATA ELEMENTS--GENERAL INFORMATION
fixed length control field 211116s1912 ii d 000 0 per d
035 ## - SYSTEM CONTROL NUMBER
System control number (BD-RjUL)79034
040 ## - CATALOGING SOURCE
Original cataloging agency LGG
Language of cataloging eng
Transcribing agency LGG
Modifying agency OCLCQ
-- OCLCO
-- OCLCF
-- OCLCO
-- OCLCQ
-- DLC
041 0# - LANGUAGE CODE
Language code of text/sound track or separate title per
-- ara
082 ## - DEWEY DECIMAL CLASSIFICATION NUMBER
Edition number 23
Classification number 491.553927
Author mark and year MAM 1912
100 0# - MAIN ENTRY--PERSONAL NAME
Personal name Abdul Majeed, Waheed Muhammad ;;' عبد المجيد, وحيد محمد
9 (RLIN) 250121
245 10 - TITLE STATEMENT
Title منتخب اللغات.;; Muntakhab al-lughāt.
Statement of responsibility, etc. وحيد محمد عبد المجيد ;; wahid muhamad abd almajid
260 ## - PUBLICATION, DISTRIBUTION, ETC. (IMPRINT)
Place of publication, distribution, etc. Hind :
Name of publisher, distributor, etc. Dar al matbah majidi ,
Date of publication, distribution, etc. 1912
300 ## - PHYSICAL DESCRIPTION
Pagination 512, 8 pages ;
Size 27 cm
500 ## - GENERAL NOTE
General note An Arabic-Persian dictionary, known also under title: Rashīdī-i ʻArabī.
General note Lithographed.
650 #0 - SUBJECT ADDED ENTRY--TOPICAL TERM
Topical term or geographic name as entry element Arabic language
Form subdivision Dictionaries
General subdivision Persian.
9 (RLIN) 250122
Topical term or geographic name as entry element Arabic language.
Source of heading or term fast
9 (RLIN) 250123
942 ## - ADDED ENTRY ELEMENTS (KOHA)
Source of classification or shelving scheme Dewey Decimal Classification
Koha item type Reference
Holdings
Lost status Source of classification or shelving scheme Damaged status Not for loan Collection code Permanent Location Current Location Shelving location Date acquired Total Checkouts Full call number Date last seen Copy number Koha item type
  Dewey Decimal Classification   Not For Loan Non-fiction Central Library, University of Rajshahi Central Library, University of Rajshahi   16/11/2021   AR 491.553927 MAM 1912 16/11/2021 C-1 Reference